000 00416nmm a2200157Ia 4500
008 251105s9999||||xx |||||||||||||||||und||
041 _aspa
100 _aBrockmann, Suzanne
245 0 _aPasión a ciegas
264 _a[Madrid, España] :
_bHarlequin,
_c2011
300 _a288 páginas
490 _aSensaciones
650 _aRomance
856 _uhttps://public.digitaliapublishing.com/a/49971
942 _cCF
999 _c100580
_d100580